Normal view
MARC view
- WANKEL ENGINE ACC NO-8161
Entry Topical Term
001 - CONTROL NUMBER
- control field: 78616
003 - CONTROL NUMBER IDENTIFIER
- control field: NUST
005 - DATE AND TIME OF LATEST TRANSACTION
- control field: 20210628210227.0
008 - FIXED-LENGTH DATA ELEMENTS
- fixed length control field: 210628|| aca||aabn | a|a d
040 ## - CATALOGING SOURCE
- Original cataloging agency: NUST
- Transcribing agency: NUST
150 ## - HEADING--TOPICAL TERM
- Topical term or geographic name entry element: WANKEL ENGINE ACC NO-8161
670 ## - SOURCE DATA FOUND
- Source citation: Work cat.: (NUST): DARK, H. E 78615, THE WANKEL ROTARY ENGINE, 1974
